Suicide Squad members in film - Statistics

General Stats
  • This quiz has been taken 14 times
  • The average score is 25 of 47
Answer Stats
Answer % Correct
Batman: Assault on Arkham (2014) Deadshot
100%
Suicide Squad (2016) Deadshot
100%
Suicide Squad: Hell to Pay (2018) Deadshot
100%
Harley Quinn
100%
Harley Quinn
100%
Harley Quinn
100%
Justice League Dark: Apokolips War (2020) Harley Quinn
100%
Harley Quinn
100%
Peacemaker
100%
Captain Boomerang
85%
Captain Boomerang
85%
Captain Boomerang
85%
Captain Boomerang
85%
Captain Boomerang
85%
Killer Croc
77%
Rick Flag
77%
Rick Flag
77%
King Shark
69%
King Shark
69%
King Shark
69%
Polka-Dot Man
69%
Ratcatcher 2
69%
The Suicide Squad (2021) Bloodsport
62%
El Diablo
54%
Weasel
54%
Enchantress
46%
Katana
46%
Slipknot
46%
TDK
46%
Javelin
38%
Killer Frost
23%
Killer Frost
23%
Savant
23%
Blackguard
15%
Bronze Tiger
15%
KGBeast
15%
Mongal
15%
Bane
8%
Black Manta
8%
Black Manta
8%
Black Spider
8%
Cheetah
8%
Copperhead
8%
Count Vertigo
8%
Jewelee
8%
Punch
8%
Crisp Ratt Sebastian
8%
No matching quizzes found
Score Distribution
Percent of People with Each Score
Percentile by Number Answered
Your Score History
You have not taken this quiz